000 00595nam a2200181Ia 4500
008 090123s9999 xx 000 0 und d
082 _b20918
100 _aदेशपांडे ना.व्य.
245 _aसरकार ते सरकार
250 _a1
260 _bमौज प्रि.ब्यूरो
_c1992
300 _a224
600 _aदेशपांडे ना.व्य.
630 _aसरकार ते सरकार
700 _aदेशपांडे ना.व्य.
730 _aसरकार ते सरकार
942 _cBOOK
999 _c58990
_d58990